Регионална библиотека "Любен Каравелов" - Русе

Две песни (Запис номер 359639)

MARC детайли
000 -Лидер
Контролно поле с фиксирана дължина 01240nca a2200337 a 4500
003 - Код на организацията, давaща контролен номер
Контролно поле BLK
005 - Дата и час на последна редакция
Контролно поле 20240521133517.0
008 - Елементи от данни с фиксирана дължина
fixed length control field 180414c bul|r|ner|||| 00| c0bul d
010 ## - Наследен системен номер
LC control number NOT00001779001
040 ## - Източник на каталожния запис
Идентификатор на билиотеката - собственик на записа BLK
041 ## - Код за език
Код за езика на текст/звукозапис или на отделно заглавие Български
Код за езика КДБФ Български
080 ## - УДК
Текстов определител УДК Вокална музика
УДК код - определител по УДК 784
УДК - код + определител 784
100 ## - Редна дума - Автор
Автор Хаджиев, Парашкев Тодоров
Дати, свързани с автора 1912-1992
Автор - информация (биография) Композитор, педагог
R(LIN) 246272
139 ## - Редно поле
Редна дума Хаджиев, Парашкев Тодоров
Авторски знак Хаджи - Х 15
245 10 - Сведения за заглавието
Заглавие Две песни
Редно поле (дума) Парашкев Хаджиев; текст Младен Исаев.
Подзаглавни данни Приспивна песен. Хайдушки гроб.
257 ## - Страна на издаване
Страна на създаване/издаване България
260 ## - Област на издателските данни
9 (RLIN) 209548
Място на издаване, разпространение и проч. София
Име на издателя, разпространителя и проч. Наука и изкуство
Година на издаване 1954
Издателство - префикс ISBN 978-954-02-
300 ## - Физическа характеристика
Страници 7 с.
Размери/Мащаб 30 см
380 ## - Жанр
Жанр Изкуство
650 #7 - Допълнително описание по предмет – тема
9 (RLIN) 166108
Основно описание – тема или топоним Песни
653 #7 - Ключова дума – ненормативна
9 (RLIN) 184164
Ключова дума глас
653 #7 - Ключова дума – ненормативна
9 (RLIN) 193730
Ключова дума пиано
700 ## - Други автори (авторска отговорност)
Лично име Исаев, Младен
Автороска отговорност (Описва отношението между автора и произведението) текст
9 (RLIN) 1581
773 ## - Описание на основна библиографска единица при аналитични записи (многотомни)
Host Biblionumber 305539
Host Itemnumber 657300
Заглавие Държавен ансамбъл за народни песни и танци
852 ## - Местоположение
Форматна сигнатура Цб М ІІ 280
999 ## - СИСТЕМНИ КОНТРОЛНИ НОМЕРА
Koha biblionumber 359639
Koha biblioitemnumber 359639
942 ## - АРТИКУЛИ
Вид на библиотечния материал Нотни издания
Скрит в OPAC Не
Периодичен библиозапис Да
944 ## - СЪЗДАВАНЕ И РЕДАКЦИЯ на ЗАПИСА
Създаване/Редакция Създаване
Дата на регистрацията/редакция 2020-05-04
Служител, извършил регистрацията/редакцията 30535
Статус, дата на статуса Христина Везирева
999 ## - СИСТЕМНИ КОНТРОЛНИ НОМЕРА
Koha biblioitemnumber 355347
999 ## - СИСТЕМНИ КОНТРОЛНИ НОМЕРА
Koha biblioitemnumber 355347
999 ## - СИСТЕМНИ КОНТРОЛНИ НОМЕРА
Koha biblioitemnumber 305540
Наличности
Код за отписване Код за изгубен артикул Източник на класификационната схема Код за повреда Коз за рестрикции Код за отдаване Артикулен № Име на библиотеката - собственик Име на библиотеката, в която се намира в момента Статус (Текущо местоположение) Дата на вписване в системата Местоположение - отдел Цена в лева Инвентарен номер Систематично азбучна сигнатура Баркод Цена в евро Служебен тип на артикула
  Не е изгубен Universal Decimal Classification Не е повреден само за читалня ползва се в читалня 768346 Регионална библиотека "Любен Каравелов" Русе Регионална библиотека "Любен Каравелов" Русе Хранилище 2020-05-09 Основен фонд - ползва се само за читалня 0.52 2156/58 Цб М ІІ 280 900000007738 0.27 Нотни издания
Vip Innovations Ltd, Rousse, Bulgaria 2025